<?xml version="1.0" encoding="UTF-8"?><?xml-stylesheet type="text/xsl" href="static/style.xsl"?><OAI-PMH xmlns="http://www.openarchives.org/OAI/2.0/" xmlns:xsi="http://www.w3.org/2001/XMLSchema-instance" xsi:schemaLocation="http://www.openarchives.org/OAI/2.0/ http://www.openarchives.org/OAI/2.0/OAI-PMH.xsd"><responseDate>2026-06-02T10:34:21Z</responseDate><request verb="GetRecord" identifier="oai:riuma.uma.es:10630/34987" metadataPrefix="marc">https://riuma.uma.es/rest/oai/request</request><GetRecord><record><header><identifier>oai:riuma.uma.es:10630/34987</identifier><datestamp>2026-02-03T11:02:48Z</datestamp><setSpec>com_10630_2254</setSpec><setSpec>col_10630_37953</setSpec></header><metadata><record xmlns="http://www.loc.gov/MARC21/slim" xmlns:dcterms="http://purl.org/dc/terms/" xmlns:doc="http://www.lyncode.com/xoai" xmlns:xsi="http://www.w3.org/2001/XMLSchema-instance" xsi:schemaLocation="http://www.loc.gov/MARC21/slim http://www.loc.gov/standards/marcxml/schema/MARC21slim.xsd">
   <leader>00925njm 22002777a 4500</leader>
   <datafield ind2=" " ind1=" " tag="042">
      <subfield code="a">dc</subfield>
   </datafield>
   <datafield ind2=" " ind1=" " tag="720">
      <subfield code="a">Moreno, Álvaro Miguel</subfield>
      <subfield code="e">author</subfield>
   </datafield>
   <datafield ind2=" " ind1=" " tag="720">
      <subfield code="a">Peláez-Márquez, José Ángel</subfield>
      <subfield code="e">author</subfield>
   </datafield>
   <datafield ind2=" " ind1=" " tag="720">
      <subfield code="a">Taskinen, Jari</subfield>
      <subfield code="e">author</subfield>
   </datafield>
   <datafield ind2=" " ind1=" " tag="260">
      <subfield code="c">2024</subfield>
   </datafield>
   <datafield ind2=" " ind1=" " tag="520">
      <subfield code="a">Let ω be a radial weight on the unit disc of the complex plane D and denote by  ω(r) =   1 r ω(s) ds the tail integrals. A radial weight ω belongs to the class D  if satisfies the upper doubling condition sup 0&lt;r&lt; ∞. If ν or ω belongs to D , we describe the boundedness of the Bergman projection Pω induced by ω on the growth space L∞  ν = { f :   f  ∞,v = ess supz∈D| f (z)| ν(z) &lt; ∞} in terms of neat conditions on the moments and/or the tail integrals of ω and ν. Moreover, we solve the analogous problem for Pω from L∞  ν to the Bloch type space B∞  ν = { f analytic inD :   f  B∞  ν = supz∈D(1 − |z|) ν(z)| f   (z)| &lt; ∞}. Similar questions for exponentially decreasing radial weights will also be studied.</subfield>
   </datafield>
   <datafield ind1="8" ind2=" " tag="024">
      <subfield code="a">Moreno, Á.M., Peláez, J.Á. &amp; Taskinen, J. Bergman projection induced by radial weight acting on growth spaces. Annali di Matematica (2024). https://doi.org/10.1007/s10231-024-01518-z</subfield>
   </datafield>
   <datafield ind1="8" ind2=" " tag="024">
      <subfield code="a">https://hdl.handle.net/10630/34987</subfield>
   </datafield>
   <datafield ind1="8" ind2=" " tag="024">
      <subfield code="a">https://doi.org/10.1007/s10231-024-01518-z</subfield>
   </datafield>
   <datafield tag="653" ind2=" " ind1=" ">
      <subfield code="a">Bergman, Espacios de</subfield>
   </datafield>
   <datafield ind2="0" ind1="0" tag="245">
      <subfield code="a">⁠Bergman projection induced by radial weight acting on growth spaces</subfield>
   </datafield>
</record>
</metadata></record></GetRecord></OAI-PMH>